000 00361 a2200121 4500
020 _a0071343067 (alk. paper)
082 _a627.73 HER
100 _aHerbich,J.B.
245 _aHandbook of dredging engineering /
_c[edited by] John B. Herbich.
250 _a2nd ed.
260 _aNew York :
_bMcGraw-Hill,
_cc2000.
300 _a (various pagings) :
_bill., maps ;
_c24 cm.
650 _aDredging.
999 _c1609
_d1609